España, campeón del Mundo 2010 : (Record no. 146898)

MARC details
000 -LEADER
campo de control de longitud fija 01218nam a2200301 i 4500
001 - NÚMERO DE CONTROL
campo de control 146898
003 - IDENTIFICADOR DE NÚMERO DE CONTROL
campo de control ES-MaACL
005 - FECHA Y HORA DE LA ÚLTIMA TRANSACCIÓN
campo de control 20240307182152.0
007 - CAMPO FIJO DE DESCRIPCIÓN FÍSICA--INFORMACIÓN GENERAL
campo de control de longitud fija t|
008 - DATOS DE LONGITUD FIJA--INFORMACIÓN GENERAL
campo de control de longitud fija 210812s2011 sp ao 00110 spa d
020 ## - NÚMERO INTERNACIONAL ESTÁNDAR DEL LIBRO
Número Internacional Estándar del Libro 978-84-95793-05-8
080 ## - NÚMERO DE LA CLASIFICACIÓN DECIMAL UNIVERSAL
Número de la Clasificación Decimal Universal 796.332:061.237(460)
080 ## - NÚMERO DE LA CLASIFICACIÓN DECIMAL UNIVERSAL
Número de la Clasificación Decimal Universal 796.332.093.1
100 1# - ENTRADA PRINCIPAL--NOMBRE DE PERSONA
Nombre de persona Arnáiz Arizmendi, Luis.
9 (RLIN) 173178
245 10 - MENCIÓN DEL TÍTULO
Título España, campeón del Mundo 2010 :
Resto del título historia de un sueño que se hizo realidad /
Mención de responsabilidad, etc. Luis Arnáiz ; fotografías, Carmelo Rubio, Jorge Fernández.
260 ## - PUBLICACIÓN, DISTRIBUCIÓN, ETC.
Lugar de publicación, distribución, etc. [Las Rozas, Madrid] :
Nombre del editor, distribuidor, etc. Real Federación Española de Fútbol,
Fecha de publicación, distribución, etc. [2011]
300 ## - DESCRIPCIÓN FÍSICA
Extensión 544 p. :
Otras características físicas il. col., fot. ;
Dimensiones 31 cm.
610 24 - PUNTO DE ACCESO ADICIONAL DE MATERIA--NOMBRE DE ENTIDAD CORPORATIVA
Nombre de entidad corporativa o nombre de jurisdicción como elemento de entrada Selección Nacional Española de Fútbol.
9 (RLIN) 157820
611 24 - PUNTO DE ACCESO ADICIONAL DE MATERIA--NOMBRE DE REUNIÓN/CONGRESO
Nombre de congreso/reunión o jurisdicción como elemento de entrada Campeonato Mundial de Fútbol
Fecha del congreso o de la firma del tratado (2010.
Sede del congreso/Lugar de la reunión Sudáfrica)
9 (RLIN) 173179
650 #4 - PUNTO DE ACCESO ADICIONAL DE MATERIA--TÉRMINO DE MATERIA
Término de materia o nombre geográfico como elemento de entrada Fútbol-
Subdivisión geográfica España.
9 (RLIN) 157821
700 1# - ENTRADA AGREGADA--NOMBRE PERSONAL
Nombre de persona Rubio Sánchez, Carmelo.
9 (RLIN) 173180
700 1# - ENTRADA AGREGADA--NOMBRE PERSONAL
Nombre de persona Fernández, Jorge
Títulos y otros términos asociados al nombre (fotógrafo)
9 (RLIN) 173181
710 2# - ENTRADA AGREGADA--NOMBRE DE ENTIDAD CORPORATIVA
Nombre de entidad corporativa o nombre de jurisdicción como elemento de entrada Real Federación Española de Fútbol.
9 (RLIN) 173182
852 4# - LOCALIZACIÓN
Ubicación ES-MaACL
Número de control de estantería A-14704
itemnumber 152184
Sublocalización o colección R.151992
Ubicación en estantería Depósito 1
Signatura antigua Olim: N-7704
Donativo/Legado Donación: José Lázaro
903 ## - NOMBRE PERSONAL DE DONANTE
9 234219
a Lázaro García, José
e Donante
942 ## - ELEMENTOS DE ENTRADA SECUNDARIOS (KOHA)
Fuente del sistema de clasificación o colocación Clasificación decimal universal
Tipo de ítem Koha Libro impreso
Holdings
Estatus retirado Estado de pérdida Fuente del sistema de clasificación o colocación Estado de daño No para préstamo Biblioteca de origen Biblioteca actual Ubicación en estantería Fecha de adquisición Fuente de adquisición Total de préstamos Signatura topográfica completa Código de barras Visto por última vez Precio de reemplazo Tipo de ítem Koha
    Clasificación decimal universal     Biblioteca del Ateneo de Madrid Biblioteca del Ateneo de Madrid Depósito 1 12/08/2021 Donación   A-14704 1202617 23/02/2023 23/02/2023 Libro impreso